000 00746cam a2200241 a 4500
001 4509177
005 20180214033829.0
008 981104s2000 maua b 001 0 eng
010 _a 98049843
020 _a0072908289
040 _aDLC
_cDLC
_dDLC
041 _aeng
080 _a657..45 wil
082 0 0 _a657..45 wil
_221
100 1 _a62
101 _aeco
245 1 0 _aAuditing & assurance services :
_cWilliam F. Messier.
246 3 _aAuditing and assurance services
504 _aIncludes bibliographical references and index.
906 _a7
_bcbc
_corignew
_d1
_eocip
_f19
_gy-gencatlg
942 _2ddc
_cBK
999 _c42453
_d42453